000 01187cam a22002294a 4500
005 20250605163945.0
008 250528s ||||||||||||||||||||||||d
035 _a15193
020 _a007061136X
040 _aGR-AtMCL
_bgre
_dGR-AtMCL
_eAACR2
245 1 _aThe World of Business / Study Guide to Accompany Steinhoff
260 _bMcgraw Hill Book Company,
_c1979
300 _a232
505 0 _aThe Nature and Importance of Our Business World, Management and Organization of Business Firms, Production: Its Nature and Preparation and Control, Marketing: From Factory to Wholesaler to Retailer to Consumer, Financing the Business World, Inside Business: Day-to-Day Operations, Business in Action.
520 _aThe Nature and Importance of Our Business World, Management and Organization of Business Firms, Production: Its Nature and Preparation and Control, Marketing: From Factory to Wholesaler to Retailer to Consumer, Financing the Business World, Inside Business: Day-to-Day Operations, Business in Action.
700 1 _aSteinhoff Dan
_91073
700 1 _aWeber Robert J
_91074
942 _cBK
710 2 _aAssociates P.D.
_99717
999 _c787
_d787